| 000 | 00323nam a2200133Ia 4500 | ||
|---|---|---|---|
| 008 | 230312s9999||||xx |||||||||||||| ||und|| | ||
| 082 |
_a330 _bECO |
||
| 245 | 0 | _aEconomics | |
| 260 |
_bThe institute of bankers Pakistan _aKarachi |
||
| 300 | _a768 | ||
| 546 | _aEng. | ||
| 650 |
_aEconomics _vNature of Economics |
||
| 942 | _cBK | ||
| 999 |
_c2499 _d2499 |
||